00843nam a2200265 a 450000100060000000300080000600500170001400800410003102000150007203500190008704000320010604100080013808200240014610000180017024501270018825000120031526000560032730000340038350400510041765000290046865000160049765000160051370000260052970000220055561332BD-RjUL20211209080940.017011 r19981996njua b 001 0 eng  a8120313496 a(BD-RjUL)61456 aDLCcDLCdDLCdBD-RjULbeng aeng00223a658.4bHEM 19981 aHersey, Paul.10aManagement of organizational behavior :butilizing human resources /cPaul Hersey, Kenneth H. Blanchard, Dewey E. Johnson. a7th ed. aNew Delhi :bPrentice Hall,cc1996 [printing 1998]. axxv, 627 p. :bill. ;c23 cm. aIncludes bibliographical references and index. 0aOrganizational behavior. 0aManagement. 0aLeadership.1 aBlanchard, Kenneth H.1 aJohnson, Dewey E.